000
00323nam a22001457a 4500
008
210312b ||||| |||| 00| 0 eng d
020
_a
9780300056495
041
_a
eng
080
_a
7
082
_a
7
100
_a
44
101
_a
ART
245
_a
Painting and Sculpture in Europe
_c
Hamilton, G. H
942
_2
udc
_c
BK
999
_c
56534
_d
56534